000 00909nam a2200193 a 4500
003 BD-RjUL
005 20221103100928.0
008 221105s1949 ua 000 0 ara d
035 _a(CStRLIN)UWON02-B2262
040 _aNjP
_cNjP
_dMH
_dCStRLIN
_dCtY
_dUkOxU
_beng
041 _aeng
082 _223
_a297.211
_bIBR 1949
100 1 _aابن تيمية، أحمد بن عبد الحليم. # # Ibn Taymīyah, Aḥmad ibn ʿAbd al-Ḥalīm,
_d1263-1328
_95676
245 1 3 _aالرسالة التدمرية / # # al-Risālah al-Tadmurīyah /
_cتأليف ابن تيمية ؛ صححه وقدم له محمد زهري النجار. # # taʼlīf Ibn Taymīyah ; ṣaḥḥaḥahu wa-qaddama la-hu Muḥammad Zuhrī al-Najjār.
260 _aمصر : Miṣr :
_bمطبعة الإمام، Maṭbaʿat al-Imām,
_c1949.
300 _a226 p. ;
_c23 cm.
650 0 _aGod (Islam)
_xAttributes.
_95677
942 _2ddc
_cBK
999 _c80696
_d80696